| 000 | 00000nam##2200000za#4500 |
| 001 | 9.534754 |
| 003 | CaOODSP |
| 005 | 20210615083635 |
| 007 | ta |
| 008 | 150406|1998||||xxc||||| f|0| 0 eng|d |
| 040 | |aCaOODSP|beng |
| 041 | |aeng |
| 041 | |afre |
| 043 | |an-cn--- |
| 086 | 1 |aNH14-1/0390 |
| 110 | 2 |aCanada Mortgage and Housing Corporation. |
| 245 | 10|aHow Cape Breton Regional Municipality streamlined residential building plans approvals by improving the quality of plans submitted for review / |cFire-rescue and Building Services Department of the Cape Breton Regional Municipality, Nova Scotia. Prepared by Word-Works Communications Services. |
| 260 | |aOttawa - Ontario : |bCanada Mortgage and Housing Corporation |c1998. |
| 300 | |aEnglish text, ii, 14p. : |billus. ; |c28 cm. |
| 490 | 1 |aAffordability and Choice Today (ACT) regulatory reform project|v0390 |
| 546 | |aBilingual |
| 563 | |aSoftcover |
| 590 | |a01-07|b2001-02-16 |
| 690 | 07|aMunicipal buildings|2gcpds |
| 690 | 07|aConstruction industry|2gcpds |
| 690 | 07|aHousing|2gcpds |
| 776 | 0#|tHow Cape Breton Regional Municipality streamlined residential building plans approvals by improving the quality of plans submitted for review |w(CaOODSP)9.573397 |
| 776 | 0#|tComment la Municipalité régionale du Cap-Breton a rationalisé l'approbation des plans de construction résidentielle en améliorant la qualité des plans présentés pour fins d'examen / |w(CaOODSP)9.603565 |
| 792 | |tComment la Municipalité régionale du Cap-Breton a rationalisé l'approbation des plans de construction résidentielle en améliorant la qualité des plans présentés pour fins d'examen / |efre|w(CaOODSP)9.534755 |
| 830 | #0|aAffordability and Choice Today (ACT) regulatory reform project ;|v0390|w(CaOODSP)9.509540 |
| 986 | |aPB 0390 |